=LDR 00000nam 2200000 4500 =001 NUTBA000000000001195 =005 20200218010404 =035 ##$$a 0010-041400000000465 =008 200218################g##########0#ind## =020 ##$$a 978-979-22-6740-2 =082 ##$$a 153.8 =090 ##$$a 153.8 Ard r =100 ##$$a Ardito, Haryo =245 1#$$a Get Motivated - Stay Motivated Recharge Your Life : $b Kisah-kisah Inspiratif yang Membuat Anda tetap Termotivasi /$c Haryo Ardito =250 ##$$a Cet.3 =260 ##$$a Jakarta :$b Gramedia,$c 2009 =300 ##$$a xi,89 hlm ; $c 11 x 18 cm =850 ##$$a NBPNMAT =084 ##$$a 153.8 ARD g =990 ##$$a 93998/BPAP-NTB/2014 =990 ##$$a 21110390 =990 ##$$a 12051205 =990 ##$$a 1201101206 =990 ##$$a 21110390